Statistics for Top 500 Baby Boy Names in the USA for 2015

Click here to take the quiz!

General Stats

  • This quiz has been taken 1,790 times
  • The average score is 237 of 500

Answer Stats

Answer% Correct
26JJohn
98%
5WWilliam
97%
7JJames
95%
9MMichael
95%
279AAndre
93%
40JJack
93%
80JJose
93%
12DDaniel
92%
18DDavid
91%
196MMark
91%
136GGeorge
90%
225JJorge
90%
2LLiam
90%
480MMathew
90%
15MMatthew
90%
1NNoah
90%
134AAlex
89%
51TThomas
89%
10BBenjamin
88%
19OOliver
88%
200PPaul
88%
206PPeter
88%
63RRobert
88%
8AAlexander
87%
214JJax
87%
157LLuca
87%
50CCharles
86%
28LLuke
86%
38NNathan
86%
32CChristopher
85%
29HHenry
85%
23SSamuel
85%
246SStephen
85%
154SSteven
85%
158EEdward
84%
4JJacob
84%
86JJason
84%
263JJayceon
84%
407JJayson
84%
21JJoseph
84%
155RRichard
84%
30AAndrew
83%
6EEthan
83%
17JJackson
83%
44JJaxon
83%
84JJaxson
83%
309JJohnathan
83%
48JJonathan
83%
16LLucas
83%
253LLukas
83%
53EEli
82%
25AAnthony
81%
88ZZachary
81%
73AAdam
80%
189BBrian
80%
166BBryan
80%
145KKai
80%
91LLeo
80%
3MMason
80%
62NNicholas
80%
202NNicolas
80%
39RRyan
80%
395AAdan
79%
369AAden
79%
185AAidan
79%
13AAiden
79%
87AAyden
79%
355FFrank
79%
31IIsaac
78%
394JJay
78%
33JJoshua
78%
484TTy
78%
52AAaron
77%
82BBrandon
77%
137EEric
77%
266EErick
77%
338EErik
77%
174JJeremy
77%
110JJustin
77%
479AAlijah
76%
11EElijah
76%
76IIan
76%
79KKevin
76%
147TTimothy
76%
314LLeon
75%
297LLouis
75%
106LLuis
75%
406MMarcos
75%
168MMarcus
75%
211SSean
75%
352SShawn
75%
81TTyler
74%
167AAlan
73%
349AAllen
73%
229CCharlie
73%
67EEvan
73%
201JJaden
73%
268JJaiden
73%
205JJake
73%
20JJayden
73%
60JJordan
73%
160VVictor
73%
43CChristian
72%
270CCristian
72%
434PPhilip
72%
410PPhillip
72%
448DDillon
71%
27DDylan
71%
14LLogan
71%
97NNathaniel
71%
441DDonald
69%
226JJavier
69%
175KKyle
69%
118MMax
69%
36OOwen
69%
164PPatrick
69%
90XXavier
69%
173BBradley
68%
256CConner
68%
54CConnor
68%
477CConor
68%
199KKenneth
68%
181OOscar
68%
276MMartin
67%
292AArthur
66%
22GGabriel
66%
346GGregory
66%
109VVincent
66%
56CCameron
65%
245KKameron
65%
234SSimon
65%
172CColin
64%
264CCollin
64%
119HHarrison
64%
482FFrancis
63%
45JJulian
63%
49IIsaiah
62%
55JJeremiah
62%
170AAbraham
61%
383AAbram
61%
192CCaden
61%
285CCaiden
61%
24CCarter
61%
212CCayden
61%
179KKaden
61%
140KKaiden
61%
183KKarter
61%
95KKayden
61%
451MMohamed
61%
365MMuhammad
61%
440AAlbert
60%
159JJoel
60%
114JJuan
60%
433RRonald
60%
457SScott
60%
408TTheo
60%
308WWalter
60%
485JJaime
59%
290JJeffrey
59%
178JJesse
59%
117CCarlos
58%
41HHunter
58%
42LLevi
58%
462TTaylor
58%
415CCorey
57%
138IIvan
57%
194RRiley
57%
141AAshton
56%
37CCaleb
56%
115CCole
56%
116DDamian
56%
254DDamien
56%
208EElliot
56%
213EElliott
56%
128JJesus
56%
165KKaleb
56%
72PParker
56%
69AAustin
55%
156JJude
55%
497LLawrence
55%
103LLeonardo
55%
99TTheodore
55%
96BBlake
54%
34WWyatt
54%
74CChase
53%
47GGrayson
53%
111GGreyson
53%
342LLanden
53%
46LLandon
53%
450LLandyn
53%
35SSebastian
53%
58AAdrian
52%
496DDennis
52%
70GGavin
52%
89CCarson
51%
237CCody
51%
337CColt
51%
210DDerek
51%
384DDerrick
51%
209FFinn
51%
151HHayden
51%
143JJonah
51%
57JJosiah
51%
293KKarson
51%
437MMaximilian
51%
107MMiles
51%
223MMyles
51%
259RRaymond
51%
207XXander
51%
249ZZander
51%
325AAli
50%
388BBrendan
50%
311EEdwin
50%
113MMaxwell
50%
278SSeth
50%
83AAsher
49%
59CColton
49%
68DDominic
49%
318DDominick
49%
100EElias
49%
177GGrant
49%
75JJace
49%
182JJase
49%
132JJayce
49%
491JJerry
49%
416KKolton
49%
464NNico
49%
233ZZane
49%
498ZZayne
49%
152AAntonio
48%
126WWesley
48%
414BBraden
47%
61BBrayden
47%
131BBryce
47%
363DDrew
47%
176GGraham
47%
64AAngel
46%
105BBrody
46%
364CCade
46%
340JJared
46%
215JJasper
46%
310JJohnny
46%
385KKade
46%
71NNolan
46%
169PPreston
46%
295SShane
46%
306TTrevor
46%
198BBrady
45%
404BBruce
45%
77CCooper
45%
426DDanny
45%
262FFelix
45%
400WWarren
45%
125AAbel
44%
180AAlejandro
44%
317EEdgar
44%
326FFinley
44%
443FFranklin
44%
144JJameson
44%
447JJamison
44%
354QQuinn
44%
275RRicardo
44%
102RRoman
44%
257TTravis
44%
120WWeston
44%
171CCalvin
43%
204DDean
43%
425KKeith
43%
161MMiguel
43%
288MMilo
43%
367PPedro
43%
323AAndy
42%
139EEmmett
42%
320MMarco
42%
85MMateo
42%
191MMatteo
42%
316TTobias
42%
422ZZachariah
42%
399DDrake
41%
347EEmanuel
41%
150EEmmanuel
41%
148EEzekiel
41%
92EEzra
41%
439HHarvey
41%
235JJudah
41%
312JJulius
41%
374NNoel
41%
260PPeyton
41%
358RRoberto
41%
104CCamden
40%
370KKamden
40%
430KKane
40%
66LLincoln
40%
108MMicah
40%
393PPablo
40%
101TTristan
40%
315TTyson
40%
298AAngelo
39%
93BBentley
39%
427DDamon
39%
261DDevin
39%
411DDexter
39%
78EEaston
39%
251EEduardo
39%
247FFrancisco
39%
455AAlec
38%
319MMarshall
38%
371RRuben
38%
98RRyder
38%
195AAugust
37%
452BBrycen
37%
133BBryson
37%
163KKing
37%
217OOmar
37%
219RRowan
37%
343AAlexis
36%
305AAnderson
36%
228AAndres
36%
153BBennett
36%
250CChance
36%
423CChandler
36%
135EEverett
36%
112DDeclan
35%
124DDiego
35%
456JJulio
35%
129SSilas
35%
123AAxel
34%
122BBraxton
34%
65HHudson
34%
240IIsrael
34%
429JJonas
34%
389LLeonel
34%
197MMaximus
34%
376SSolomon
34%
300TTroy
34%
187AAvery
33%
500DDarius
33%
419EEllis
33%
273GGarrett
33%
432HHugo
33%
162MMalachi
33%
489MMalakai
33%
283MManuel
33%
224TTanner
33%
203BBeau
32%
269FFernando
32%
130GGiovanni
32%
284MMario
32%
458MMatias
32%
476MMoises
32%
471MMoses
32%
483QQuentin
32%
341WWalker
32%
493AAhmed
31%
454CColby
31%
301EEmerson
31%
304EEmilio
31%
387PPrince
31%
252SSpencer
31%
186TTucker
31%
494SSaul
30%
418AAce
29%
472CCyrus
29%
255DDallas
29%
428EEnrique
29%
396JJensen
29%
142KKingston
29%
146MMaddox
29%
442RRaul
29%
149RRyker
29%
127SSantiago
29%
372ZZaiden
29%
193ZZayden
29%
289AArcher
28%
402AAri
28%
467AAugustus
28%
420MMalcolm
28%
368OOrion
28%
294RRafael
28%
94SSawyer
28%
188AAmir
27%
313BBarrett
27%
121BBrantley
27%
474DDavis
27%
328GGideon
27%
236GGriffin
27%
307PPhoenix
27%
244RRiver
27%
377RRomeo
27%
378RRory
27%
403RRussell
27%
221CCorbin
26%
327DDalton
26%
220GGael
26%
184MMaverick
26%
445OOdin
26%
222WWaylon
26%
353GGrady
25%
435IIbrahim
25%
348KKillian
25%
339TTrenton
25%
227ZZion
25%
413AArmando
24%
280CCesar
24%
357DDakota
24%
322DDante
24%
239DDawson
24%
242GGage
24%
401IIsmael
24%
332JJett
24%
366KKendrick
24%
335RRonan
24%
486RRonin
24%
361SSkyler
24%
218BBeckett
23%
267CCash
23%
330EEnzo
23%
190IIker
23%
382KKash
23%
230PPaxton
23%
274RRhett
23%
350AAtticus
22%
231EEmiliano
22%
303HHector
22%
431PPrinceton
22%
241RRylan
22%
281TTitus
22%
286AAdriel
21%
373CClark
21%
282DDonovan
21%
265AAmari
20%
470BBenson
20%
248CClayton
20%
351DDesmond
20%
397EEsteban
20%
356FFabian
20%
405FFinnegan
20%
321JJoaquin
20%
487KKian
20%
258KKnox
20%
478NNikolai
20%
299RRemington
20%
488LLennox
19%
243MMessiah
19%
331SSergio
19%
461CCason
18%
291HHolden
18%
469KKasen
18%
390KKason
18%
436KKayson
18%
296LLane
18%
216LLorenzo
18%
362NNehemiah
18%
490AAtlas
17%
499BBodhi
17%
449BBrock
17%
271JJosue
17%
329RReed
17%
277RReid
17%
380DDaxton
16%
386GGunnar
16%
238GGunner
16%
446BBrennan
15%
287KKyler
15%
438LLawson
15%
302MMaximiliano
15%
375PPorter
15%
495SSterling
15%
345JJaylen
14%
272KKeegan
14%
344NNash
14%
466PPierce
14%
460RRodrigo
14%
359BBeckham
13%
232BBrooks
13%
324CCruz
13%
453DDeacon
13%
398KKellan
12%
379MMalik
12%
468RRaiden
12%
463RRocco
12%
421TTate
12%
336CCohen
11%
409JJaxton
11%
360MMajor
11%
481KKeaton
10%
381LLeland
10%
424MMilan
10%
459SSullivan
10%
444HHendrix
9%
334KKyrie
9%
333TThiago
9%
465RRoyal
8%
492RRyland
8%
412BBraylen
7%
391BBraylon
7%
392LLegend
7%
475KKhalil
6%
473RRaylan
6%
417GGerardo
5%

Score Distribution

Percentile by Number Answered

Percent of People with Each Score

Your Score History

You have not taken this quiz